Rugby - Qui marque l'essai français ? - Statistiques

Statistiques générales
  • Ce quiz a été pris 95 fois
  • Le résultat moyen est 8 sur 10
Statistiques - réponses
Hint Réponse % Correct
Sébastien Chabal
95%
Antoine Dupont
94%
Charles Ollivon
93%
Damien Penaud
92%
Romain Ntamack
90%
Thierry Dusautoir
90%
Christophe Dominici
88%
Yoann Huget
80%
Vincent Clerc
75%
Nicolas Brusque
19%
Aucun quiz correspondant
Distribution des résultats
% des personnes avec chaque résultat
Percentile par nombre de réponses
Votre historique - résultats
Vous n’avez pas pris ce quiz